000 00516nam a22001937a 4500
003 DO-SdBNP
005 20180309092555.0
008 180309b dr||||| |||| 00| 0 spa d
020 _a8482611380
040 _aBPMSU
_bspa
_cBPMSU
100 _aNovella, Sylvie
245 _aFrancés :
_bcurso 2do primer ciclo
_cSylvie, Novella
260 _aSanto Domingo
_bSantillana
_c1999
300 _a200 p.
_bil.
_c28 cm
490 _aSantillana
942 _2ddc
_cBK
945 _ainventariado, 2018 / dg
956 _adg
_b10
999 _c13348
_d13348